01064cam a2200217 a 450000100100000000500170001000800410002704000250006808200140009310000510010724500830015826000710024130000210031249000430033350001800037661000630055665100460061983000520066595201120071799900170082900001507620200929163940.0751208s1945 ck 000 0dspa  aDO-SdBNPbspacBNPHU axxbR788f1 aRosa, José Nicolás de ladfl. 1739.93413610aFloresta de la Santa iglesia catedral de la ciudad y provincia de Santa Marta. a[Barranquilla] :bBiblioteca departamental del Atlántico,c1945. a362 p. ;c21 cm.0 aBiblioteca de escritores costeñosv1 a"El alferez D. José Nicolás de la Rosa escribio la Floresta de la Santa iglesia catedral de Santa Marta en el año 1739, obra que ... [fue] publicada en 1742."-- p. [355]20aCatholic Church.bDiocese of Santa Marta (Colombia)934137 0aMagdalena (Colombia : Dept.{Rpara}934138 0aBiblioteca de escritores costeños ;v1934139 001050718MOaGRbGRcCTd2010-01-29iLF1l0oxx R788fp15076-10r2020-06-25w2020-06-25y1ZNo se presta c14648d14648